Teória dopravného prúdu

Na minha lista:
Detalhes bibliográficos
Main Authors: Medelská, Viera (Author), Frešo, Peter (Author)
Formato: Livro
Idioma:eslovaco
Publicado em: Bratislava : SVŠT v Bratislave, 1985
Tags: Adicionar Tag
Sem tags, seja o primeiro a adicionar uma tag!

MARC

LEADER 00000nam a22000003a 4500
001 stu89573
005 20150617225628.3
008 040811s1985----cs------------------slo-d
040 |a STU  |b slo 
041 0 |a slo 
044 |a cs 
080 |a 525.7 
080 |a 656.1 
100 1 |a Medelská, Viera  |4 aut 
245 1 |a Teória dopravného prúdu 
260 |a Bratislava :  |b SVŠT v Bratislave,  |c 1985 
300 |a 320 s 
700 1 |a Frešo, Peter  |4 aut 
996 |b 284V022196  |c V*19856/S-85  |l VVS  |s A  |a 24  |w stu89573_0001 
996 |b 284V022195  |c V*19857/S-85  |l VVS  |s A  |a 24  |w stu89573_0002 
996 |b 284V023268  |c V*29119/O-11504  |l VVT  |s A  |a 24  |w stu89573_0003